Quali sono i nomi più usati per i bambini nati nel 2016 in Italia? - Statistics

Statistiche generali
  • Questo quiz è stato fatto 991 volte
  • Il punteggio medio è 11 su 20
Statistiche sulle risposte
Neonati Nomi % Corretto
7850 Francesco
85%
4526 Matteo
83%
6664 Alessandro
82%
5577 Andrea
77%
2791 Giovanni
72%
5917 Mattia
70%
3156 Antonio
62%
3242 Davide
59%
3021 Federico
59%
3323 Giuseppe
59%
6331 Lorenzo
59%
6505 Leonardo
58%
4179 Tommaso
51%
4087 Riccardo
50%
5254 Gabriele
49%
3555 Edoardo
40%
2697 Samuele
38%
2732 Nicolò
35%
3008 Diego
30%
2783 Christian
27%
Nessun quiz corrispondente trovato
Distribuzione punteggi
Percentuale di utenti per punteggio
Percentile per numero di risposta
I tuoi punteggi nel tempo
Non hai fatto questo quiz